Oracle sql plus the definitive guide (Record no. 585532)
[ view plain ]
| 000 -LEADER | |
|---|---|
| fixed length control field | 00434nam a22001697a 4500 |
| 003 - CONTROL NUMBER IDENTIFIER | |
| control field | CEME |
| 005 - DATE AND TIME OF LATEST TRANSACTION | |
| control field | 20210628210714.0 |
| 008 - FIXED-LENGTH DATA ELEMENTS--GENERAL INFORMATION | |
| fixed length control field | 210211b xxu||||| |||| 00| 0 eng d |
| 020 ## - INTERNATIONAL STANDARD BOOK NUMBER | |
| International Standard Book Number | 1-56592-578-5 |
| 040 ## - CATALOGING SOURCE | |
| Transcribing agency | . |
| 082 ## - DEWEY DECIMAL CLASSIFICATION NUMBER | |
| Classification number | 005.7585 GEN |
| 100 ## - MAIN ENTRY--PERSONAL NAME | |
| Personal name | Gennick, jonathan |
| 9 (RLIN) | 80635 |
| 245 ## - TITLE STATEMENT | |
| Title | Oracle sql plus the definitive guide |
| 260 ## - PUBLICATION, DISTRIBUTION, ETC. | |
| Place of publication, distribution, etc. | BEIJING |
| Name of publisher, distributor, etc. | O,REILLY |
| Date of publication, distribution, etc. | 1999 |
| 650 ## - SUBJECT ADDED ENTRY--TOPICAL TERM | |
| Topical term or geographic name entry element | ORACLE SQL ORACLE 8 |
| 9 (RLIN) | 80636 |
| 942 ## - ADDED ENTRY ELEMENTS (KOHA) | |
| Koha item type | Book |
| Source of classification or shelving scheme | |
| Withdrawn status | Lost status | Damaged status | Not for loan | Permanent Location | Current Location | Shelving location | Date acquired | Total Checkouts | Full call number | Barcode | Date last seen | Price effective from | Koha item type |
|---|---|---|---|---|---|---|---|---|---|---|---|---|---|
| College of Electrical & Mechanical Engineering (CEME) | College of Electrical & Mechanical Engineering (CEME) | General Stacks | 07/10/2017 | 005.7585 GEN | CEME-34753 | 06/28/2021 | 06/28/2021 | Book |
